Catálogo

Vista normal Vista MARC

Entrada Personal Name

Número de registros utilizados en: 2

001 - CONTROL NUMBER

  • control field: 7443

003 - CONTROL NUMBER IDENTIFIER

  • control field: OSt

005 - DATE AND TIME OF LATEST TRANSACTION

  • control field: 20180716125521.0

008 - FIXED-LENGTH DATA ELEMENTS

  • fixed length control field: 010622n| acannaabn |b aba c

010 ## - LIBRARY OF CONGRESS CONTROL NUMBER

  • LC control number: 2001049363

035 ## - SYSTEM CONTROL NUMBER

  • System control number: (OCoLC)oca05516933

040 ## - CATALOGING SOURCE

  • Original cataloging agency: OrU
  • Language of cataloging: spa
  • Transcribing agency: Mx-PuUPA
  • Modifying agency: DLC-R
  • Modifying agency: OCoLC
  • Modifying agency: IlMchBWI
  • Modifying agency: DLC
  • Modifying agency: Mx-PuUPA

100 1# - HEADING--PERSONAL NAME

  • Personal name: Zhang, Qin

375 ## - GENDER

  • Gender: hombre

377 ## - ASSOCIATED LANGUAGE

  • Language code: eng
  • Source of code: MARC code ist for languages

400 1# - SEE FROM TRACING--PERSONAL NAME

  • Personal name: 张勤

400 1# - SEE FROM TRACING--PERSONAL NAME

  • Personal name: 张琴

400 1# - SEE FROM TRACING--PERSONAL NAME

  • Personal name: 张钦

400 1# - SEE FROM TRACING--PERSONAL NAME

  • Personal name: 張欽

400 1# - SEE FROM TRACING--PERSONAL NAME

  • Personal name: 張琴

400 1# - SEE FROM TRACING--PERSONAL NAME

  • Personal name: 張芹

400 1# - SEE FROM TRACING--PERSONAL NAME

  • Personal name: 章勤

400 1# - SEE FROM TRACING--PERSONAL NAME

  • Personal name: 章琴

670 ## - SOURCE DATA FOUND

  • Source citation: [Author of Ho shen ti hun shih]

670 ## - SOURCE DATA FOUND

  • Source citation: His Ho shen ti hun shih, 1956:
  • Information found: t.p. (张勤) = Chang Ch°in)

670 ## - SOURCE DATA FOUND

  • Source citation: [Author of Chün ying ch°en ch°ü]

670 ## - SOURCE DATA FOUND

  • Source citation: His Chün ying ch°en ch°ü, 1980?:
  • Information found: t.p. ( (章琴)= Chang Ch'in)

670 ## - SOURCE DATA FOUND

  • Source citation: [Joint author of Erh shih sui sao tung]

670 ## - SOURCE DATA FOUND

  • Source citation: Huo, H. Erh shih sui sao tung, 1989:
  • Information found: t.p.((张芹 = Chang Ch'in; poet)

670 ## - SOURCE DATA FOUND

  • Source citation: [Joint author of Kung kung kuan hsi hsüeh kai lun]

670 ## - SOURCE DATA FOUND

  • Source citation: Kung kung kuan hsi hsüeh kai lun, 1990:
  • Information found: t.p. ( (张勤 Chang Chʻin)

670 ## - SOURCE DATA FOUND

  • Source citation: [Author of Dao jiao lian yang xin li xue yin lun]

670 ## - SOURCE DATA FOUND

  • Source citation: Dao jiao lian yang xin li xue yin lun, 1999:
  • Information found: t.p. ( (张钦= hang Qin)

670 ## - SOURCE DATA FOUND

  • Source citation: [Subject of Last train home]

670 ## - SOURCE DATA FOUND

  • Source citation: Last train home [VR], 2011:
  • Information found: container (featuring Qin Zhang)

670 ## - SOURCE DATA FOUND

  • Source citation: Biblioteca del congreso (Estados Unidos), 06 junio 2018:
  • Information found: catálogo electrónico
  • Uniform Resource Identifier: https://goo.gl/97sxFa